Peppa Pig Characters - Statistics

General Stats
  • This quiz has been taken 2,813 times
  • The average score is 18 of 68
Answer Stats
First Name Species % Correct
Peppa Pig
99%
George Pig
91%
Rebecca Rabbit
59%
Danny Dog
57%
Daddy Pig
53%
Zoe Zebra
53%
Pedro Pony
51%
Suzy Sheep
51%
Mummy Pig
49%
Candy Cat
44%
Grandpa Pig
43%
Emily Elephant
41%
Richard Rabbit
41%
Chloe Pig
40%
Granny Pig
39%
Freddy Fox
36%
Alexander Pig
33%
Madame Gazelle
32%
Mummy Rabbit
31%
Daddy Rabbit
28%
Uncle Pig
28%
Wendy Wolf
28%
Zaza Zebra
28%
Miss Rabbit
27%
Mr. Bull
26%
Mummy Sheep
26%
Zuzu Zebra
26%
Edmond Elephant
25%
Kylie Kangaroo
25%
Captain Dog
24%
Delphine Donkey
23%
Mummy Dog
23%
Mummy Zebra
23%
Aunty Pig
22%
Daddy Zebra
22%
Grandad Dog
22%
Mummy Pony
22%
Daddy Pony
21%
Mummy Elephant
20%
Rosie Rabbit
20%
Mr. Fox
19%
Doctor Elephant
18%
Doctor Brown Bear
18%
Robbie Rabbit
18%
Grampy Rabbit
17%
Mr. Cat
17%
Mrs. Cat
17%
Mrs. Fox
17%
Mr. Wolf
16%
Daddy Kangaroo
15%
Joey Kangaroo
15%
Mrs. Wolf
15%
Mummy Kangaroo
15%
Belinda Bear
14%
Doctor Hamster
14%
Gabriella Goat
13%
Mr. Donkey
13%
Mr. Rhinoceros
13%
Simon Squirrel
13%
Lance Labrador
12%
Mrs. Donkey
12%
Mummy Bear
10%
Aunty Goat
9%
Didier Donkey
9%
Uncle Goat
9%
Policeman Stag
8%
Signor Goat
8%
Weston Cat
8%
No matching quizzes found
Score Distribution
Percent of People with Each Score
Percentile by Number Answered
Your Score History
You have not taken this quiz